Himpunan DOA selepas Solat : (Record no. 203405)

MARC details
000 -LEADER
fixed length control field 01029nam a2200289 i 4500
005 - DATE AND TIME OF LATEST TRANSACTION
control field 20260310144252.0
008 - FIXED-LENGTH DATA ELEMENTS--GENERAL INFORMATION
fixed length control field 260310s2025 my gr 001 0bmay d
020 ## - INTERNATIONAL STANDARD BOOK NUMBER
International Standard Book Number 9786294901858
Terms of availability RM39.00
Qualifying information paperback
040 ## - CATALOGING SOURCE
Original cataloging agency PPAK
Language of cataloging eng
Transcribing agency PPAK
Description conventions rda
082 04 - DEWEY DECIMAL CLASSIFICATION NUMBER
Edition number 23
Classification number 297.3824
090 00 - LOCALLY ASSIGNED LC-TYPE CALL NUMBER (OCLC); LOCAL CALL NUMBER (RLIN)
Classification number (OCLC) (R) ; Classification number, CALL (RLIN) (NR) 297.3824
Feature heading ALI
Feature heading G
100 0# - MAIN ENTRY--PERSONAL NAME
Personal name Alias Masek,
Titles and words associated with a name Prof. Madya, Dr.,
Relator term author.
245 10 - TITLE STATEMENT
Title Himpunan DOA selepas Solat :
Remainder of title Untuk Bacaan Imam /
Statement of responsibility, etc. Alias Masek, Nofouz Mafarja, Muhammad Isa Salikin
264 #1 - PRODUCTION, PUBLICATION, DISTRIBUTION, MANUFACTURE, AND COPYRIGHT NOTICE
Place of production, publication, distribution, manufacture Batu Pahat, Johor :
Name of producer, publisher, distributor, manufacturer Penerbit UTHM,
Date of production, publication, distribution, manufacture, or copyright notice 2025
300 ## - PHYSICAL DESCRIPTION
Extent xi, 75 pages ;
Dimensions 23 cm
336 ## - CONTENT TYPE
Content type term text
Source rdacontent
337 ## - MEDIA TYPE
Media type term unmediated
Source rdamedia
338 ## - CARRIER TYPE
Carrier type term volume
Source rdacarrier
500 ## - GENERAL NOTE
General note Includes index.
General note Contains verses from the Qur'an.
650 10 - SUBJECT ADDED ENTRY--TOPICAL TERM
Topical term or geographic name entry element Islam
Form subdivision Prayers and devotions
Topical term or geographic name entry element Prayer
General subdivision Islam
Topical term or geographic name entry element Government publications
Geographic subdivision Malaysia
700 0# - ADDED ENTRY--PERSONAL NAME
Personal name Nofouz Mafarja,
Relator term author.
Personal name Muhammad Isa Salikin,
Relator term author.
942 ## - ADDED ENTRY ELEMENTS (KOHA)
Source of classification or shelving scheme Dewey Decimal Classification
Koha item type Book
Holdings
Withdrawn Not for loan Current library Shelving location Date acquired Total Checkouts Full call number Barcode Date last seen Koha item type Date last checked out
    Perpustakaan Alor Setar Pinjaman Dewasa 18/03/2026   297.3824 ALI A01904627 18/03/2026 Book  
    Perpustakaan Awam Sungai Petani Pinjaman Dewasa 18/03/2026   297.3824 ALI A01904628 18/03/2026 Book  
    Perpustakaan Jitra Pinjaman Dewasa 18/03/2026   297.3824 ALI A01904629 18/03/2026 Book  
    Perpustakaan Kuala Nerang Pinjaman Dewasa 18/03/2026   297.3824 ALI A01904637 18/03/2026 Book  
    Perpustakaan Kulim Pinjaman Dewasa 18/03/2026   297.3824 ALI A01904631 18/03/2026 Book  
    Perpustakaan Merbok Pinjaman Dewasa 18/03/2026   297.3824 ALI A01904634 18/03/2026 Book  
    Perpustakaan Pendang Pinjaman Dewasa 18/03/2026   297.3824 ALI A01904638 18/03/2026 Book  
    Perpustakaan Yan Pinjaman Dewasa 18/03/2026 1 297.3824 ALI A01904635 10/05/2026 Book 21/04/2026